000 00216nam a2200085Ia 4500
008 170523s9999 xx 000 0 und d
100 _aTIMMS- HOWARD L
245 4 _aTHE PRODUCTION FUNCTION IN BUSINESS
260 _bRICHARD D IRWIN
260 _c1970
999 _c302
_d302